000
00235nam a22000857a 4500
008
170209b xxu||||| |||| 00| 0 eng d
100
_9
2839
_a
Charle. E
245
_a
Die Kline Grille Sight the Lead
260
_a
London
_b
Dorling Kindersley
_c
2002
999
_c
6055
_d
6055